Alojamiento turístico rural: gestión y comercialización (Registro nro. 5103)
[ vista simple ]
| 000 -CABECERA | |
|---|---|
| campo de control de longitud fija | 00674aam a2200229 4500 |
| 005 - FECHA Y HORA DE ACTUALIZACIÓN | |
| campo de control | 20161212141347.0 |
| 008 - LONGITUD FIJA | |
| campo de control de longitud fija | 150504b xxu||||| |||| 00| 0 spa d |
| 041 ## - IDIOMA | |
| Código de idioma del texto/pista de sonido o título separado | |
| 082 ## - CLASIFICACIÓN DECIMAL DEWEY | |
| Número de clasificación | 1.0.61 M385a |
| 100 ## - AUTOR PERSONAL | |
| Nombre de persona | Martínez, Juan Francisco |
| 100 ## - AUTOR PERSONAL | |
| Nombre de persona | Solsona Monzonis, Javier |
| 245 ## - TÍTULO PROPIAMENTE DICHO | |
| Título | Alojamiento turístico rural: gestión y comercialización |
| 260 ## - PIE DE IMPRENTA | |
| Lugar de publicación, distribución, etc. | España |
| Nombre del editor, distribuidor, etc. | Sintesis |
| Fecha de publicación, distribución, etc. | 2000 |
| 300 ## - DESCRIPCIÓN FÍSICA | |
| Extensión | 158 páginas |
| 650 ## - Materia General | |
| Materia general | TURISMO RURAL |
| 650 ## - Materia General | |
| Materia general | COMERCIALIZACIÓN |
| 650 ## - Materia General | |
| Materia general | GESTIÓN DEL PRODUCTO |
| 650 ## - Materia General | |
| Materia general | COMPETITIVIDAD |
| 650 ## - Materia General | |
| Materia general | GESTIÓN EMPRESARIAL |
| 650 ## - Materia General | |
| Materia general | CALIDAD |
| 942 ## - Punto de Acceso Adicional Koha | |
| Tipo de ítem Koha | Libro |
| Estado perdido | Estado dañado | No para préstamo | Biblioteca permanente | Biblioteca actual | Signatura completa | Código de barras | Precio efectivo a partir del | Tipo de ítem |
|---|---|---|---|---|---|---|---|---|
| Departamento de Biblioteca y Documentación Alfonso Chase Brenes | Departamento de Biblioteca y Documentación Alfonso Chase Brenes | 1.0.61 M385a | 9465 | 12/12/2016 | Libro | |||
| Departamento de Biblioteca y Documentación Alfonso Chase Brenes | Departamento de Biblioteca y Documentación Alfonso Chase Brenes | 1.0.61 M385a | 10599 | 12/12/2016 | Libro | |||
| Departamento de Biblioteca y Documentación Alfonso Chase Brenes | Departamento de Biblioteca y Documentación Alfonso Chase Brenes | 1.0.61 M385a | 10600 | 12/12/2016 | Libro | |||
| Departamento de Biblioteca y Documentación Alfonso Chase Brenes | Departamento de Biblioteca y Documentación Alfonso Chase Brenes | 1.0.61 M385a | 11941 | 12/12/2016 | Libro |